Guía de derecho de autor para bibliotecas / (Registro nro. 8489)
[ vista simple ]
| 000 -CABECERA | |
|---|---|
| Campo de control | 00714nam a22002177a 4500 |
| 005 - FECHA Y HORA DE LA ULTIMA TRANSACCION | |
| Campo de control | 20150126155416.0 |
| 008 - ELEMENTOS DE LONGITUD FIJA—INFORMACION GENERAL | |
| Campo de control | 040308s ck gr 00010 spa d |
| 015 ## - NATIONAL BIBLIOGRAPHY NUMBER | |
| National bibliography number | ck-2006-xxxx |
| 020 ## - ISBN | |
| ISBN | 9789587164466 |
| 040 ## - FUENTE DE CATALOGACIÓN | |
| Agencia catalogadora original | CO-BoIAVH |
| Agencia transcriptora | CO-BoIAVH |
| 041 0# - IDIOMA | |
| Código de idioma para texto/pista de sonido o título separado | Español |
| 082 04 - NUMERO DE CLASIFICACION DECIMAL DEWEY | |
| Número de clasificación | 346.0482 |
| Número del ítem | A28m |
| 100 1# - ASIENTO PRINCIPAL--NOMBRE PERSONAL | |
| Nombre personal | Pabón-Cadavid, Jhonny Antonio |
| 245 10 - MENCION DE TITULO | |
| Título | Guía de derecho de autor para bibliotecas / |
| Mención de responsabilidad | Jhonny Antonio Pabón |
| 260 3# - PUBLICACION, DISTRIBUCION, ETC. (PIE DE IMPRENTA) | |
| Lugar de publicación, distribución, etc. | Bogotá |
| Nombre del editor, distribuidor, etc. | Javegraf |
| Fecha de publicación, distribución, etc. | (s.f.) |
| 300 ## - DESCRIPCION FISICA | |
| Extensión | 101 p. ; |
| Dimensiones | 22 cm. |
| 650 ## - ASIENTO SECUNDARIO DE MATERIA - TERMINO TEMATICO | |
| Término temático o nombre geográfico como elemento de entrada | Derechos de autor |
| Subdivisión de forma | Manuales. |
| 650 ## - ASIENTO SECUNDARIO DE MATERIA - TERMINO TEMATICO | |
| Término temático o nombre geográfico como elemento de entrada | Derechos de autor |
| Subdivisión geográfica | Colombia |
| Subdivisión de forma | Manuales. |
| 650 ## - ASIENTO SECUNDARIO DE MATERIA - TERMINO TEMATICO | |
| Término temático o nombre geográfico como elemento de entrada | Propiedad industrial |
| Subdivisión general | Legislación |
| Subdivisión de forma | Manuales. |
| 942 ## - ELEMENTOS ADICIONALES (KOHA) | |
| Sistema de clasificación | Dewey Decimal Classification |
| Tipo de ítem | Impreso |
| Withdrawn status | Lost status | Sistema de Clasificación | Damaged status | No para préstamo | Colección | Inventariado | Ubicación Permanente | Ubicación actual | Fecha de adquisición | Fuente de Valor | Valor | Total Checkouts | Número topográfico | Inventario / Código de Barras | Date last seen | Ejemplar | Price effective from | Forma de adquisición | Tipo de material |
|---|---|---|---|---|---|---|---|---|---|---|---|---|---|---|---|---|---|---|---|
| Dewey Decimal Classification | General | Inventariado 2017 | Bogotá | Bogotá | 01/07/2014 | Instituto | 39000.00 | LB-346.0482 A28m | 038125 | 01/07/2014 | Ej. 1 | 01/07/2014 | Canje | Libro |